1861 1001 1240 1158 1314 1570 1131 1298 1597 1972 1225 1922 1885 1357 1602 1135 1580 1851 1136 1259 1845 1125 1683 1392 1507 1465 1706 1142 1706 1563 1131 1770 1835 1530 1630 1422 1619 1452 1971 1582 1206 1210 1432 1503 1854 1445 1765 1696 1836 1571 1015 1942 1541 1936 1237 1989 1564 1356 1553 1133 1925 1391 1793 1289 1312 1095 1853 1962 1430 1905 1414 1111 1092 1974 1326 1051 1685 1941 1529 1106 1088 1169 1239 1336 1027 1337 1133 1419 1916 1872 1499 1492 1366 1662 1661 1737 1971 1692 1036 BCNSPRNW ULIB Ver.6.0+V

เปลี่ยนเป็นภาษาไทย

Change to English
 แสดงรายละเอียดบรรณานุกรม
  กลับหน้าหลัก

Brief Record : Get Marc (ISO 2709) : E-mail record : QR code < ปิดหน้าต่าง
LEADER : 00000nam 2200000uu 4500
001    13399123230
003     ULIB
008    020711s2552 th a 000 0 tha d
050 14 LB1027^bส111ค
110    กระทรวงการท่องเที่ยวและกีฬา.^bกรมพลศึกษา.^bสถาบันพัฒนาบุคลากรการพลศึกษาและการกีฬา.
245    คู่มือผู้ตัดสินกีฬายกน้ำหนัก/^cสถาบันพัฒนาบุคลากรการพลศึกษาและการกีฬา
260    กรุงเทพฯ :^bโรงพิมพ์สหกรณ์การเกษตรแห่งประเทศไทย,^c2552
300    57 หน้า;^b26 ซม.
650    ยกน้ำหนัก
945    ^p0^l0^i20361
999    ^aทศพร เกษรทอง
รายการนี้ยังไม่มีแท็ก
คุณยังไม่ได้ล็อกอิน คุณสามารถมีกิจกรรมร่วมกับเว็บไซต์ได้ แต่ต้องล็อกอินก่อน ::
  ล็อกอิน

รายการสื่อสารสนเทศ

ลำดับที่ ประเภท เลขเรียก/บาร์โค้ด สถานที่ สถานะ
1. การศึกษาทั่วไป
การศึกษาทั่วไป
LB1027 ส111ค ฉ.1 
  Barcode: 20361
ห้องสมุดวิทยาเขตนครสวรรค์
►หนังสือทั่วไป:l:General Books
บนชั้น
Note:อภินันทนาการ

รายการใกล้เคียง
    หัวเรื่อง [ยกน้ำหนัก]

BibComment


ยังไม่เคยถูกคอมเมนท์

คอมเมนท์ทรัพยากรรายการนี้
  คอมเมนท์: คู่มือผู้ตัดสินกี..


 Copyright 2026. Bcnsprnw @Library